Cuadro de mando integral : (Registro nro. 6504)
[ vista simple ]
| 000 -LEADER | |
|---|---|
| fixed length control field | 01335nam a22002297a 4500 |
| 003 - CONTROL NUMBER IDENTIFIER | |
| control field | OSt |
| 005 - DATE AND TIME OF LATEST TRANSACTION | |
| control field | 20200212143133.0 |
| 008 - FIXED-LENGTH DATA ELEMENTS--GENERAL INFORMATION | |
| fixed length control field | 200212s2012 sp a||||r|||| 00| 0 spa d |
| 020 ## - INTERNATIONAL STANDARD BOOK NUMBER | |
| International Standard Book Number | 9788415504689 |
| 040 ## - CATALOGING SOURCE | |
| Original cataloging agency | CO-JMCR |
| Transcribing agency | CO-JMCR |
| 082 04 - DEWEY DECIMAL CLASSIFICATION NUMBER | |
| Classification number | 658.1 / |
| Item number | M971c |
| 100 1# - MAIN ENTRY--PERSONAL NAME | |
| Personal name | Muñiz, Luis, |
| Relator term | autor |
| 9 (RLIN) | 434 |
| 245 ## - TITLE STATEMENT | |
| Title | Cuadro de mando integral : |
| Remainder of title | Utilizando tablas dinámicas en excel / |
| Statement of responsibility, etc. | Luis Muñiz |
| 260 ## - PUBLICATION, DISTRIBUTION, ETC. | |
| Place of publication, distribution, etc. | [España] : |
| Name of publisher, distributor, etc. | Profit, |
| Date of publication, distribution, etc. | 2012 |
| 300 ## - PHYSICAL DESCRIPTION | |
| Extent | 135 páginas : |
| Other physical details | ilustraciones a blanco y negro ; |
| Dimensions | 21 cm. |
| 490 ## - SERIES STATEMENT | |
| Series statement | Colección: MBA práctico |
| 505 ## - FORMATTED CONTENTS NOTE | |
| Formatted contents note | Funcionamiento y contenido del modelo -- Sistema de indicadores por áreas funcionales -- El seguimiento y control de los indicadores -- Funcionamiento y contenido del modelo de cuadro de mando en excel -- Caso práctico de un sistema de indicadores para una empresa de fabrica -- Caso práctico de un sistema de indicadores para una empresa de servicios profesionales |
| 520 ## - SUMMARY, ETC. | |
| Summary, etc. | El cabal conocimiento de un negocio radica en la adecuada conversación de datos en información útil en forma de indicadores que permitan medir y conocer la eficacia de los responsables de las diferentes áreas para promover así la toma de decisiones acertadas. |
| 650 14 - SUBJECT ADDED ENTRY--TOPICAL TERM | |
| Topical term or geographic name entry element | Planificación |
| General subdivision | estratégica |
| 9 (RLIN) | 506 |
| 650 14 - SUBJECT ADDED ENTRY--TOPICAL TERM | |
| Topical term or geographic name entry element | Productividad |
| General subdivision | industrial |
| 9 (RLIN) | 507 |
| 942 ## - ADDED ENTRY ELEMENTS (KOHA) | |
| Source of classification or shelving scheme | Dewey Decimal Classification |
| Koha item type | Books |
| Withdrawn status | Lost status | Source of classification or shelving scheme | Damaged status | Not for loan | Home library | Current library | Shelving location | Date acquired | Source of acquisition | Cost, normal purchase price | Total Checkouts | Full call number | Barcode | Date last seen | Copy number | Price effective from | Koha item type |
|---|---|---|---|---|---|---|---|---|---|---|---|---|---|---|---|---|---|
| Dewey Decimal Classification | Biblioteca Pública José María del Castillo y Rada | Biblioteca Pública José María del Castillo y Rada | Processing Center | 12/19/2019 | Donación | 0.00 | 658.1 / M971c | 201809638 | 05/16/2024 | Ej.1 | 02/12/2020 | Books |